Specification for cement grouting hose of rubber with woven textile reinforcement. (Record no. 73820)

MARC details
000 -LEADER
fixed length control field 00369nam a2200121Ia 4500
245 #0 - TITLE STATEMENT
Title Specification for cement grouting hose of rubber with woven textile reinforcement.
260 ## - PUBLICATION, DISTRIBUTION, ETC. (IMPRINT)
Year of publication 1969
500 ## - GENERAL NOTE
General note Standard number: IS 5137
650 ## - SUBJECT ADDED ENTRY--TOPICAL TERM
Topical Term Cement grouting hose
650 ## - SUBJECT ADDED ENTRY--TOPICAL TERM
Topical Term Woven textile reinforcement
942 ## - ADDED ENTRY ELEMENTS (KOHA)
Koha item type Standards
Holdings
Withdrawn status Lost status Damaged status Not for loan Collection code Home library Current library Date acquired Koha item type
      Standards Indian standards RRII Library RRII Library 31/12/2021 Standards